MARC details
| 000 -LEADER |
| fixed length control field |
01210nam a22003377a 4500 |
| 003 - CONTROL NUMBER IDENTIFIER |
| control field |
OSt |
| 005 - DATE AND TIME OF LATEST TRANSACTION |
| control field |
20250411003043.0 |
| 008 - FIXED-LENGTH DATA ELEMENTS--GENERAL INFORMATION |
| fixed length control field |
250319t2006 |||||||| |||| 00| | eng d |
| 020 ## - INTERNATIONAL STANDARD BOOK NUMBER |
| International Standard Book Number |
0-7020-2617-4 |
| 040 ## - CATALOGING SOURCE |
| Transcribing agency |
JMCFI - Learning Resource Center |
| 082 ## - DEWEY DECIMAL CLASSIFICATION NUMBER |
| Classification number |
MAHL/Phrma 615.'321 Ev92 2006 |
| 100 ## - MAIN ENTRY--PERSONAL NAME |
| Personal name |
Evans, William Charles |
| 9 (RLIN) |
18877 |
| 245 ## - TITLE STATEMENT |
| Title |
Trease and Evans pharmacognosy / |
| Statement of responsibility, etc. |
William Charles Evans and Daphne Evans |
| 250 ## - EDITION STATEMENT |
| Edition statement |
Fifteenth edition. |
| 260 ## - PUBLICATION, DISTRIBUTION, ETC. |
| Place of publication, distribution, etc. |
St. Louis, Toronto : |
| Name of publisher, distributor, etc. |
Saunders , |
| Date of publication, distribution, etc. |
2006. |
| 300 ## - PHYSICAL DESCRIPTION |
| Extent |
viii, 585 pages : |
| Other physical details |
black and white, illus. ; |
| Dimensions |
28 cm |
| 500 ## - GENERAL NOTE |
| General note |
Includes indexes. |
| 650 ## - SUBJECT ADDED ENTRY--TOPICAL TERM |
| Topical term or geographic name entry element |
Pharmacology. |
| 9 (RLIN) |
6617 |
| 650 ## - SUBJECT ADDED ENTRY--TOPICAL TERM |
| Topical term or geographic name entry element |
Phytochemistry. |
| 9 (RLIN) |
18194 |
| 650 ## - SUBJECT ADDED ENTRY--TOPICAL TERM |
| Topical term or geographic name entry element |
Vitamins and hormones. |
| 9 (RLIN) |
18878 |
| 650 ## - SUBJECT ADDED ENTRY--TOPICAL TERM |
| Topical term or geographic name entry element |
Antibacterial. |
| 9 (RLIN) |
18879 |
| 650 ## - SUBJECT ADDED ENTRY--TOPICAL TERM |
| Topical term or geographic name entry element |
Antiviral drugs. |
| 9 (RLIN) |
18392 |
| 650 ## - SUBJECT ADDED ENTRY--TOPICAL TERM |
| Topical term or geographic name entry element |
Complementary plants. |
| 9 (RLIN) |
18880 |
| 650 ## - SUBJECT ADDED ENTRY--TOPICAL TERM |
| Topical term or geographic name entry element |
Traditional systems of medicine. |
| 9 (RLIN) |
18881 |
| 650 ## - SUBJECT ADDED ENTRY--TOPICAL TERM |
| Topical term or geographic name entry element |
Nonmedicinal toxic plants . |
| 9 (RLIN) |
18882 |
| 650 ## - SUBJECT ADDED ENTRY--TOPICAL TERM |
| Topical term or geographic name entry element |
Pesticides toxicity. |
| 9 (RLIN) |
18883 |
| 650 ## - SUBJECT ADDED ENTRY--TOPICAL TERM |
| Topical term or geographic name entry element |
Morphological |
| General subdivision |
Examination of drugs. |
| 9 (RLIN) |
18884 |
| 650 ## - SUBJECT ADDED ENTRY--TOPICAL TERM |
| Topical term or geographic name entry element |
Microscopical |
| General subdivision |
Examination of drugs. |
| 9 (RLIN) |
18885 |
| 700 ## - ADDED ENTRY--PERSONAL NAME |
| Personal name |
Evans, Daphne |
| 9 (RLIN) |
18886 |
| 942 ## - ADDED ENTRY ELEMENTS (KOHA) |
| Source of classification or shelving scheme |
Dewey Decimal Classification |
| Koha item type |
Books |
| Suppress in OPAC |
No |
| Edition |
Fifteenth edition |